Statystyki dla Najbardziej zaludnione państwo na każdą literę

Kliknij tutaj aby rozwiązać quiz!

Ogólne statystyki

  • Ten quiz został rozwiązany 87 razy
  • Średni wynik to 18 z 24

Statystyki odpowiedzi

LiteraPopulacjaPaństwo% Poprawnych
C1 410 539 758Chiny
100%
I1 411 415 000Indie
97%
Ł1 842 226Łotwa
96%
O3 764 348Oman
96%
R142 021 981Rosja
93%
B217 240 060Brazylia
90%
J124 214 766Japonia
90%
S337 341 954Stany Zjednoczone
84%
V308 043Vanuatu
79%
Z19 642 123Zambia
79%
N225 082 083Nigeria
78%
P242 923 845Pakistan
78%
A46 245 668Argentyna
76%
E113 656 596Etiopia
74%
T83 047 706Turcja
74%
F114 597 229Filipiny
72%
H47 163 418Hiszpania
72%
D108 407 721Demokratyczna Republika Konga
68%
M129 150 971Meksyk
68%
U46 205 893Uganda
68%
W103 808 319Wietnam
60%
G33 107 275Ghana
49%
K55 864 655Kenia
44%
L7 749 595Laos
40%

Rozkład punktacji

Percentyl według liczby udzielonych odpowiedzi

Procent ludzi z każdym wynikiem

Twoja historia wyników

Nie rozwiązałeś tego quizu